3 indices pour un monument (1) - Statistiques

Statistiques générales
  • Ce quiz a été pris 125 fois
  • Le résultat moyen est 12 sur 25
Statistiques - réponses
Indice 1 Indice 2 Indice 3 Monument % Correct
Cathédrale Cité Incendie {Notre-Dame} de Paris
93%
324 m 1889 Expo Tour Eiffel
84%
Sable Gironde + haute d'Europe Dune du {Pilat}
82%
28000 visiteurs/jour Vénus Seine Musée du {Louvre}
75%
56e étage Ascenseur + rapide d'Europe Vue Tour {Montparnasse}
74%
Neige Alpes Sommet Aiguille du {Midi} à Chamonix
70%
Loir-et-Cher Chasse François 1er Château de {Chambord}
68%
Carrières Cimetière Squelettes {Catacombes} de Paris
67%
XVIIIe siècle Ménagerie Galerie Museum d'{Histoire naturelle} de Paris
64%
Bourgogne Jugement dernier Tuiles vernissées Hospices de {Beaune}
55%
Cécile Briques Tarn Cathédrale d'{Albi}
47%
Ardèche 1er chef d'oeuvre de l'humanité Copie Grotte {Chauvet}
44%
Marie-Madeleine Grands Hommes Transferts {Panthéon} de Paris
43%
Académie nationale de musique Napoléon III Danse Palais {Garnier}
41%
Pas-de-Calais Poissons Museum Centre national de la mer Nausicaa de {Boulogne-sur-Mer}
38%
VIIIe arrondissement Démonstrations Sciences Palais de la {Découverte}
35%
Expo de 1900 Face au petit Champs-Elysées {Grand palais} de Paris
32%
Rhône Saône Lugdunum Musée des {Confluences} à Lyon
31%
Alsace Guillaume II Reconstruction Château du {Haut-Koenigsbourg}
24%
Reliques St Louis Vitraux {Sainte-Chapelle} de Paris
22%
1916 Verdun Nécropole Ossuaire de {Douaumont}
20%
Romano-byzantine Basilique 130 M Sacré-Coeur
17%
Marie-Madeleine Pèlerinage Bourgogne Basilique de {Vézelay}
12%
14 Nécropole Omaha Cimetière américain de {Colleville-sur-Mer}
12%
Labouré Chapelle 1830 Chapelle de Notre-Dame de la {Médaille miraculeuse}
4%
Aucun quiz correspondant
Distribution des résultats
% des personnes avec chaque résultat
Percentile par nombre de réponses
Votre historique - résultats
Vous n’avez pas pris ce quiz